000 01120cam a22002415i 4500
999 _c58135
_d58135
001 19710346
005 20210625105617.0
008 170614s20162016enka b 001 0 eng d
020 _a9781501513961
041 _aeng
080 _a3765.33 P-71
100 1 _aPlaza Pust, Carolina
_912122
245 1 0 _aBilingualism and deafness :
_bon language contact in the bilingual acquisition of sign language and written language /
_cCarolina Plaza-Pust; Editors Annika Herrman, Markus Steinbach, Ulrike Zeshan.
264 4 _cBoston :
_aIshara Press,
_b2016.
300 _a498 pages :
_billustrations ;
_c24 cm.
653 _aკომუნიკაციის საშუალებები სმენა დაქვეითებულთათვის
653 _aСредства связи для слабослышащих
700 _aAnnika Herrman
_eრედაქტორი
_912123
700 _aSteinbach, Markus
_eრედაქტორი
_912124
700 _aZeshan, Ulrike
_eრედაქტორი
_912125
830 0 _aSign languages and deaf communities ;
_v7.
_912126
942 _2udc
_cBK